Statistics for Flags of the World- HARD

Click here to take the quiz!

General Stats

  • This quiz has been taken 279 times
  • The average score is 13 of 15

Answer Stats

Answer% Correct
Norway
100%
Denmark
99%
Lebanon
96%
Malta
96%
Kosovo
94%
Seychelles
90%
Azerbaijan
88%
Cameroon
88%
Eswatini
85%
Tonga
85%
Liechtenstein
84%
Central African Republic
82%
Oman
82%
Burkina Faso
81%
Lesotho
80%

Score Distribution

Percentile by Number Answered

Percent of People with Each Score

Your Score History

You have not taken this quiz